ARRUPE JESUIT UNIVERSITY

CORONAVIRUS -STOP THE SPREAD - CLEAN,DISINFECT,COVER

The failure of modernism (Record no. 8081)

MARC details
000 -LEADER
fixed length control field 00597nam a2200229Ia 4500
003 - CONTROL NUMBER IDENTIFIER
control field 0100
005 - DATE AND TIME OF LATEST TRANSACTION
control field 20170713105612.0
008 - FIXED-LENGTH DATA ELEMENTS--GENERAL INFORMATION
fixed length control field 130303s9999 xx 000 0 und d
020 ## - INTERNATIONAL STANDARD BOOK NUMBER
International Standard Book Number 0966922611
040 ## - CATALOGING SOURCE
Transcribing agency ARRUPELIB
050 ## - LIBRARY OF CONGRESS CALL NUMBER
Classification number B791.F355 1999
300 ## - PHYSICAL DESCRIPTION
Other physical details 23cm
245 #4 - TITLE STATEMENT
Title The failure of modernism
245 ## - TITLE STATEMENT
Remainder of title the cartesian legacy and contemporary pluralism
260 ## - PUBLICATION, DISTRIBUTION, ETC. (IMPRINT)
Name of publisher, distributor, etc American Maritain Association
Place of publication, distribution, etc Mishawaka
Date of publication, distribution, etc 1999
300 ## - PHYSICAL DESCRIPTION
Extent 269p.
440 ## - SERIES STATEMENT/ADDED ENTRY--TITLE
Title American Maritain Association publications
9 (RLIN) 33024
600 ## - SUBJECT ADDED ENTRY--PERSONAL NAME
Personal name Maritain, Jacques
9 (RLIN) 24379
650 ## - SUBJECT ADDED ENTRY--TOPICAL TERM
Topical term or geographic name as entry element PHILOSOPHY
9 (RLIN) 33025
650 ## - SUBJECT ADDED ENTRY--TOPICAL TERM
Topical term or geographic name as entry element Philosophy, modern
9 (RLIN) 33026
650 ## - SUBJECT ADDED ENTRY--TOPICAL TERM
Topical term or geographic name as entry element Descartes, Ren
9 (RLIN) 33027
700 ## - ADDED ENTRY--PERSONAL NAME
Personal name Sweetman, Brendan (ed.)
9 (RLIN) 33028
942 00 - ADDED ENTRY ELEMENTS (KOHA)
Koha issues (borrowed), all copies 2
Source of classification or shelving scheme Library of Congress Classification
Koha item type Monograph ( Printed materials)
Holdings
Withdrawn status Lost status Source of classification or shelving scheme Damaged status Not for loan Collection code Home library Current library Shelving location Date acquired Total Checkouts Full call number Barcode Date last seen Date checked out Copy number Price effective from Koha item type
    Library of Congress Classification     Main Collection ARRUPE LIBRARY ARRUPE LIBRARY   04/03/2013 2 B791.F355 1999 46003010130 20/02/2014 19/02/2014 1 04/03/2013 Monograph ( Printed materials)

 

Arrupe Library. PO Box MP320 Mt Pleasant, Harare, Zimbabwe
263 242 745411|librarian@aju.ac.zw